000 00429nam a2200157Ia 4500
008 210210b1973 xxu||||| |||| 00| 0 eng d
082 _a540 SACC
100 _aSACKHEIM (George I) & SCHULTZ (Ronald M).
245 _aChemistry for the health sciences. Ed 2.
250 _a
260 _aNew York
_bThe Macmillan Co.
_c1973
300 _aviii,515
650 _aChemistry Health Science
690 _aChemistry
906 _a032957
999 _c84220
_d84220